[Event "Challenge"]
[Site "http://www.queenalice.com/game.php?id=883929"]
[Date "2011.1.10"]
[Round "-"]
[White "martjoao"]
[Black "Fabiojr"]
[Result "0-1"]
[WhiteElo "1100"]
[BlackElo "1806"]

1. e4 e5 2. Nf3 Nc6 3. b3 Bc5 4. Bb2 d6 5. d3 Nh6 6. Be2 O-O 7. O-O f5 8. exf5
Qf6 9. Nbd2 Qxf5 10. Ne4 Bb6 11. Nfg5 d5 12. Ng3 Qxg5 0-1

[Event "Challenge"]
[Site "http://www.queenalice.com/game.php?id=884227"]
[Date "2011.1.10"]
[Round "-"]
[White "martjoao"]
[Black "kleberrocha"]
[Result "1-0"]
[WhiteElo "1100"]
[BlackElo "1351"]

1. e4 e5 2. Nf3 Nc6 3. d4 d6 4. dxe5 dxe5 5. Qxd8+ Kxd8 6. Nc3 Nge7 7. Nd5 Nd4
8. Nxd4 exd4 9. Bc4 c6 10. Nxe7 Kxe7 11. O-O b5 12. Bb3 Ba6 13. Rd1 Rd8 14. Bf4
Ke8 15. Be5 c5 16. a3 c4 17. Ba2 Rg8 18. Rxd4 f6 19. Rxd8+ Kxd8 20. Bd4 h5 21.
Bxa7 g5 22. Rd1+ Ke8 23. b3 Bxa3 24. bxc4 bxc4 25. Rd5 Rg7 26. Bc5 Bxc5 27. Rxc5
Rd7 28. h3 Rd2 29. Bxc4 Rxc2 30. Bf7+ Kxf7 31. Rxc2 Bd3 32. Rc7+ Ke6 33. f3 Kd6
34. Rh7 h4 35. Rh8 Ke7 36. Kf2 Ke6 37. Ke3 Bc4 38. f4 gxf4+ 39. Kxf4 Bf1 40. Kf3
Ke5 41. Rxh4 1-0

[Event "Let's Play Chess!"]
[Site "http://www.queenalice.com/game.php?id=884485"]
[Date "2011.1.11"]
[Round "-"]
[White "martjoao"]
[Black "mike52"]
[Result "0-1"]
[WhiteElo "1366"]
[BlackElo "1354"]

1. d4 d5 2. c4 dxc4 3. e4 Nf6 4. e5 Ne4 5. f3 Nd6 6. Nd2 Nf5 7. Ne2 Be6 8. Qa4+
c6 9. Qb4 b6 10. Nxc4 Bxc4 11. Qxc4 e6 12. Bd2 Be7 13. Bc3 O-O 14. O-O-O b5 15.
Qd3 a6 16. Nf4 Bg5 17. g3 Bxf4+ 18. gxf4 g6 19. Bb4 Re8 20. Bc5 Nd7 21. Be2 Nxc5
22. dxc5 Qa5 23. a3 Qa4 24. Qc2 Qxf4+ 25. Qd2 Ne3 26. Rdg1 Red8 0-1

[Event "Challenge"]
[Site "http://www.queenalice.com/game.php?id=885244"]
[Date "2011.1.12"]
[Round "-"]
[White "helenaeyng"]
[Black "martjoao"]
[Result "1-0"]
[WhiteElo "1611"]
[BlackElo "1221"]

1. e4 e5 2. Nf3 Nc6 3. Bc4 Bc5 4. d3 Nf6 5. Bg5 h6 6. Bh4 d6 7. h3 O-O 8. Nc3 g5
9. Bg3 Nd4 10. O-O Qe7 11. Nd2 Be6 12. Nd5 Nxd5 13. Bxd5 Bxd5 14. exd5 Nf5 15.
c4 Nxg3 16. Re1 Nf5 17. Nb3 Bb6 18. a4 Qf6 19. Kh1 Bxf2 20. Rf1 Ne3 21. Rxf2
Qxf2 22. Qf3 Qxf3 23. gxf3 f5 24. Rc1 f4 25. Nd2 h5 26. Ne4 g4 27. fxg4 hxg4 28.
hxg4 Nxg4 29. Rg1 Kf7 30. Rxg4 Rh8+ 31. Kg2 Rag8 32. Rxg8 Rxg8+ 33. Kf2 Ke7 34.
b4 Kd7 35. Nf6+ Kd8 36. Nxg8 c6 37. dxc6 bxc6 38. Nf6 a6 39. Kf3 Kc7 40. a5 c5
41. bxc5 dxc5 42. Ng4 Kd7 43. Nxe5+ 1-0

[Event "Challenge"]
[Site "http://www.queenalice.com/game.php?id=885328"]
[Date "2011.1.12"]
[Round "-"]
[White "martjoao"]
[Black "jamba"]
[Result "1-0"]
[WhiteElo "1317"]
[BlackElo "1459"]

1. e4 c5 2. Nf3 d6 3. d4 cxd4 4. Nxd4 Nc6 5. Nc3 Nxd4 6. Qxd4 Nf6 7. Qa4+ Bd7 8.
Bb5 Bxb5 9. Qxb5+ Nd7 10. Qxb7 g6 11. O-O Nc5 12. Qb5+ Nd7 13. Qc6 Rc8 14. Qa4
Bg7 15. Bd2 Qb6 16. Qb3 Qd4 17. Qd5 Qb4 18. Rab1 Ne5 19. a3 Qb6 20. Be3 Qc7 21.
Bd4 Nc4 22. Bxg7 e6 23. Qb5+ Ke7 24. Bxh8 Rxh8 25. Rfd1 Rb8 26. Qa6 Nxb2 27. Re1
Rb6 28. Qa5 Qb7 29. Qg5+ f6 30. Qh6 Kd8 31. Qf8+ Kc7 32. Qe7+ Kc6 33. Qxb7+ Rxb7
34. Nd1 Nd3 35. Rxb7 Kxb7 36. Re3 Nf4 37. g3 Nh3+ 38. Kg2 Ng5 39. f4 Nf7 40. Nc3
h5 41. Rd3 Kc7 42. Nb5+ Kd7 43. Nxa7 e5 44. Kf3 exf4 45. Kxf4 g5+ 46. Ke3 Ne5
47. Rb3 g4 48. a4 Nf3 49. a5 Nxh2 50. Kf4 Nf3 51. Rxf3 gxf3 52. Kxf3 Ke6 53. a6
Kd7 54. Nb5 Kc6 55. a7 Kb7 56. Kf4 Ka8 57. Kf5 Kb7 58. Kxf6 Ka8 59. Ke6 Kb7 60.
Kxd6 Ka8 61. Kc6 h4 62. Kb6 h3 63. Nc7# 1-0

[Event "Let's Play Chess!"]
[Site "http://www.queenalice.com/game.php?id=885470"]
[Date "2011.1.13"]
[Round "-"]
[White "rebellionkid"]
[Black "martjoao"]
[Result "1-0"]
[WhiteElo "1383"]
[BlackElo "1309"]

1. e4 c5 2. Nf3 Nc6 3. c3 d5 4. exd5 Qxd5 5. d4 Bf5 6. Bd3 Bxd3 7. Qxd3 Nf6 8.
O-O e5 9. Be3 e4 10. Qe2 exf3 11. Qxf3 Qxf3 12. gxf3 Bd6 13. dxc5 Be7 14. Nd2
Nd5 15. Ne4 Nxe3 16. fxe3 O-O-O 17. f4 Rhe8 18. b4 Bh4 19. Nd6+ Kb8 20. Nxe8
Rxe8 21. b5 Na5 22. b6 axb6 23. cxb6 Rxe3 24. Rac1 Nc4 25. f5 Bf6 26. Rfe1 Rxe1+
27. Rxe1 Nxb6 28. Rc1 Nc4 29. Kf2 Kc7 30. Kf3 1-0

[Event "Challenge"]
[Site "http://www.queenalice.com/game.php?id=885509"]
[Date "2011.1.13"]
[Round "-"]
[White "martjoao"]
[Black "Olavio"]
[Result "0-1"]
[WhiteElo "1338"]
[BlackElo "1573"]

1. d4 d5 2. c4 dxc4 3. e4 e5 4. d5 b5 5. Nc3 a6 6. Nf3 Bc5 7. Nxe5 Qf6 8. Nf3
Bg4 9. Be2 Bxf3 10. Bxf3 Qh4 11. g3 Qf6 12. Qe2 Ne7 13. Be3 Bb4 14. a3 Bxc3+ 15.
bxc3 Qxc3+ 0-1

[Event "AUTO-INT-1923"]
[Site "http://www.queenalice.com/game.php?id=885597"]
[Date "2011.1.13"]
[Round "1"]
[White "Romerflu"]
[Black "martjoao"]
[Result "1-0"]
[WhiteElo "1487"]
[BlackElo "1253"]

1. e4 e5 2. h3 Bc5 3. Nf3 Nf6 4. Nxe5 Nxe4 5. Ng4 O-O 6. Nh6+ gxh6 7. Qg4+ Ng5
8. Bd3 Kh8 9. Qf5 d6 10. Qd5 Qf6 11. Na3 Qe5+ 12. Qxe5+ dxe5 13. Nc4 Re8 14. O-O
e4 15. Be2 Be6 16. Bh5 Bxc4 17. h4 Bxf1 18. Kxf1 Ne6 19. b3 Rf8 20. Bb2+ Kg8 21.
Re1 f5 22. c3 Nd7 23. b4 Bb6 24. c4 Nf4 25. Bd1 Nd3 26. Re2 Nxb2 27. Bb3 Ne5 28.
c5+ Kh8 29. cxb6 axb6 30. d4 1-0

[Event "AUTO-INT-1923"]
[Site "http://www.queenalice.com/game.php?id=885598"]
[Date "2011.1.13"]
[Round "1"]
[White "martjoao"]
[Black "Romerflu"]
[Result "0-1"]
[WhiteElo "1263"]
[BlackElo "1480"]

1. e4 e5 2. Nf3 d6 3. Nc3 Bg4 4. h3 Bxf3 5. Qxf3 Nc6 6. Bb5 Qd7 7. d3 a6 8. Ba4
b5 9. Bb3 Nb4 10. Kd2 Nf6 11. a3 g6 12. axb4 h5 13. Ke1 Bg7 14. Nd5 Nxd5 15.
Bxd5 O-O-O 16. Bg5 f6 17. Be3 c6 18. Bb3 Bh6 19. Bxh6 Rxh6 20. Qxf6 Qe8 21. Qe6+
Qxe6 22. Bxe6+ Kc7 23. Rxa6 Kb7 24. Ra2 g5 25. Bf5 h4 26. Ke2 d5 27. f3 dxe4 28.
fxe4 Rd4 29. Rha1 Kc7 0-1

[Event "AUTO-INT-1923"]
[Site "http://www.queenalice.com/game.php?id=885613"]
[Date "2011.1.13"]
[Round "1"]
[White "Clausimausi"]
[Black "martjoao"]
[Result "1-0"]
[WhiteElo "1606"]
[BlackElo "1220"]

1. e4 e5 2. Nf3 Nc6 3. Bc4 d6 4. d3 Bg4 5. Nc3 Nd4 6. Bxf7+ Kxf7 7. O-O Nf6 8.
Nd5 Nxd5 9. Nxe5+ Ke8 10. Nxg4 Be7 11. c3 1-0

[Event "AUTO-INT-1923"]
[Site "http://www.queenalice.com/game.php?id=885614"]
[Date "2011.1.13"]
[Round "1"]
[White "martjoao"]
[Black "Clausimausi"]
[Result "0-1"]
[WhiteElo "1220"]
[BlackElo "1608"]

1. e4 e5 2. Nf3 Nc6 3. Bb5 a6 4. Ba4 Nf6 5. Nc3 Bc5 6. d3 O-O 7. Bg5 Be7 8. O-O
h6 9. Bh4 d6 10. Bxc6 bxc6 11. a3 Re8 0-1

[Event "AUTO-INT-1923"]
[Site "http://www.queenalice.com/game.php?id=885623"]
[Date "2011.1.13"]
[Round "1"]
[White "thedocwat"]
[Black "martjoao"]
[Result "1-0"]
[WhiteElo "1271"]
[BlackElo "1354"]

1. e4 e5 2. Nf3 Nc6 3. Nc3 Nf6 4. d4 exd4 5. Nxd4 Nxd4 6. Qxd4 d6 7. Bc4 Be6 8.
Nd5 Nxd5 9. exd5 Bd7 10. Bf4 Qh4 11. O-O-O g5 12. Rhe1+ Kd8 13. Qf6+ Be7 14.
Qxh8+ Be8 15. Re4 1-0

[Event "AUTO-INT-1923"]
[Site "http://www.queenalice.com/game.php?id=885624"]
[Date "2011.1.13"]
[Round "1"]
[White "martjoao"]
[Black "thedocwat"]
[Result "0-1"]
[WhiteElo "1289"]
[BlackElo "1256"]

1. e4 e5 2. Nf3 Nc6 3. Bb5 a6 4. Ba4 Nf6 5. Nc3 Bc5 6. d3 Nd4 7. Be3 b5 8. Bb3
Nxb3 9. cxb3 Bb4 10. a3 Bxc3+ 11. bxc3 Ng4 12. h3 Nxe3 13. fxe3 O-O 14. d4 d6
15. Qe2 Be6 16. Qc2 Qf6 17. d5 Bd7 18. O-O-O c6 19. dxc6 Bxc6 20. Rd2 Rad8 21.
Rf1 d5 22. Rfd1 Rd6 23. exd5 Bb7 24. Qe4 Rfd8 25. Nxe5 h6 26. Nc6 Bxc6 27. dxc6
Qxc3+ 28. Qc2 Qa1+ 29. Qb1 Qxa3+ 30. Qb2 Qc5+ 31. Qc2 Qxe3 0-1

[Event "AUTO-BEG-454"]
[Site "http://www.queenalice.com/game.php?id=885632"]
[Date "2011.1.13"]
[Round "1"]
[White "Ralfostarr"]
[Black "martjoao"]
[Result "1-0"]
[WhiteElo "1256"]
[BlackElo "1407"]

1. Nf3 d5 2. d4 Nc6 3. g4 Bxg4 4. Ng5 f6 5. Rg1 fxg5 6. Bxg5 Nf6 7. Bxf6 exf6 8.
Rxg4 Qd7 9. Bh3 Qe7 10. Bg2 Qb4+ 11. c3 Qxb2 12. Nd2 Qxc3 13. Rc1 Qa5 14. e4 Ba3
15. exd5 Bxc1 16. Qxc1 Qxd5 17. Bxd5 1-0

[Event "AUTO-BEG-454"]
[Site "http://www.queenalice.com/game.php?id=885633"]
[Date "2011.1.13"]
[Round "1"]
[White "martjoao"]
[Black "Ralfostarr"]
[Result "1-0"]
[WhiteElo "1320"]
[BlackElo "1263"]

1. e4 e5 2. Bc4 Nf6 3. Nc3 c6 4. Nf3 d5 5. exd5 cxd5 6. Be2 Qe7 7. d3 d4 8. Ne4
Bf5 9. O-O Bxe4 10. dxe4 Nxe4 11. Bg5 Nxg5 12. Nxg5 Qxg5 13. c3 Bc5 14. Bf3 Nc6
15. Re1 dxc3 16. bxc3 O-O 17. g3 Rad8 18. Qc2 f5 19. Bxc6 bxc6 20. Rxe5 Rd5 21.
Qb3 Bd6 22. Rxd5 Be5 23. Rd8+ Kh8 24. Rxf8# 1-0

[Event "AUTO-BEG-454"]
[Site "http://www.queenalice.com/game.php?id=885652"]
[Date "2011.1.13"]
[Round "1"]
[White "martjoao"]
[Black "Newton"]
[Result "0-1"]
[WhiteElo "1244"]
[BlackElo "1393"]

1. e4 e5 2. Nf3 Nc6 3. Bb5 a6 4. Ba4 Nf6 5. d3 Bb4+ 6. Bd2 Bxd2+ 7. Nbxd2 d6 8.
d4 O-O 9. dxe5 dxe5 10. Bxc6 bxc6 11. Nxe5 Bb7 12. Ndc4 Qxd1+ 0-1

[Event "AUTO-BEG-454"]
[Site "http://www.queenalice.com/game.php?id=885653"]
[Date "2011.1.13"]
[Round "1"]
[White "Newton"]
[Black "martjoao"]
[Result "1-0"]
[WhiteElo "1403"]
[BlackElo "1232"]

1. e4 e5 2. Nf3 Nc6 3. Bb5 d6 4. Nc3 Bd7 5. d4 exd4 6. Nxd4 Nxd4 7. Bxd7+ Qxd7
8. Qxd4 Nf6 9. Bg5 Be7 10. O-O-O h6 11. Bh4 O-O 12. f4 Rfd8 13. e5 1-0